| 000 | 00590nam a2200205Ia 4500 | ||
|---|---|---|---|
| 008 | 110201s9999 xx 000 0 und d | ||
| 082 |
_bB2960 _aE 2 |
||
| 100 | _aHerbert Fensterheim | ||
| 100 | _aJean Baer | ||
| 245 | _aYou Can Break From a Self-Limiting Way of Life | ||
| 260 | _bA Dell Publishing Co. | ||
| 365 | _b40 | ||
| 600 | _aHerbert Fensterheim | ||
| 600 | _aJean Baer | ||
| 630 | _aYou Can Break From a Self-Limiting Way of Life | ||
| 700 | _aHerbert Fensterheim | ||
| 700 | _aJean Baer | ||
| 730 | _aYou Can Break From a Self-Limiting Way of Life | ||
| 942 | _cBOOK | ||
| 999 |
_c829736 _d829733 |
||